[Event "Titled Tuesday intern op 17th Aug"]
[Site "Chess.com INT"]
[Date "2021.08.17"]
[Round "6"]
[White "Garcia Herrera, Enrique Ric"]
[Black "Osmonbekov, Talaibek D"]
[Result "1/2-1/2"]
[WhiteElo "2010"]
[BlackElo "2136"]
[PlyCount "98"]
[EventDate "2021.08.17"]
[EventType "swiss (blitz)"]
[EventRounds "11"]
[EventCountry "USA"]
[SourceTitle "EXT 2022"]
[Source "ChessBase"]
[SourceDate "2021.10.06"]
[SourceVersion "1"]
[SourceVersionDate "2021.10.06"]
[SourceQuality "1"]

1. d4 e6 2. c4 f5 3. Nc3 Bb4 4. Nf3 Nf6 5. Bf4 Ne4 6. Qc2 c5 7. e3 Qa5 8. Rc1 Qxa2 9. Bd3 cxd4 10. exd4 Bxc3+ 11. bxc3 Qxc2 12. Rxc2 Nc6 13. 0-0 0-0 14. Re1 a5 15. Ra1 d5 16. cxd5 exd5 17. Ne5 g5 18. Nxc6 bxc6 19. Bc7 Ba6 20. Bxa6 Rxa6 21. f3 Nf6 22. Rxa5 Rxa5 23. Bxa5 Ra8 24. Ra2 Ne8 25. Ra3 Nd6 26. Bb4 Rxa3 27. Bxa3 Nc4 28. Be7 h6 29. h4 Kf7 30. Bd8 Kg6 31. hxg5 hxg5 32. Kf2 f4 33. g3 Kf5 34. Bc7 Ne3 35. Ke2 Nc4 36. g4+ Kg6 37. Kd3 Na3 38. Bd6 Nc4 39. Be7 Kh6 40. Bd8 Kg6 41. Ke2 Kh6 42. Kd1 Kg6 43. Kc2 Kh6 44. Be7 Kg6 45. Kd3 Kh6 46. Bf6 Kg6 47. Bd8 Kh6 48. Be7 Kg6 49. Bd8 Kh6 1/2-1/2

[Event "Titled Tuesday intern op 17th Aug"]
[Site "Chess.com INT"]
[Date "2021.08.17"]
[Round "1"]
[White "Rottenwohrer Suarez, Juan"]
[Black "Garcia Herrera, Enrique Ric"]
[Result "1-0"]
[WhiteElo "2230"]
[BlackElo "2010"]
[PlyCount "121"]
[EventDate "2021.08.17"]
[EventType "swiss (blitz)"]
[EventRounds "11"]
[EventCountry "USA"]
[SourceTitle "EXT 2022"]
[Source "ChessBase"]
[SourceDate "2021.10.06"]
[SourceVersion "1"]
[SourceVersionDate "2021.10.06"]
[SourceQuality "1"]

1. Nf3 c5 2. c4 Nc6 3. Nc3 e5 4. g3 g6 5. Bg2 Bg7 6. 0-0 Nge7 7. Ne1 0-0 8. Nc2 d6 9. Ne3 Be6 10. Ned5 a6 11. a3 Rb8 12. b4 b5 13. d3 bxc4 14. dxc4 cxb4 15. axb4 Nxb4 16. Nxb4 Rxb4 17. Rxa6 Rxc4 18. Rxd6 Qa5 19. Ne4 Nf5 20. Rxe6 fxe6 21. Ng5 Qb6 22. Nxe6 Rfc8 23. Bg5 Kh8 24. Bd5 Rc2 25. e4 Nd4 26. Be3 Qb4 27. Ng5 h6 28. Nf7+ Kh7 29. Qg4 Qb6 30. Qh3 Qf6 31. Nxh6 Nf3+ 32. Kh1 Ng5 33. Bxg5 Qxg5 34. Nf7+ Qh5 35. Qxh5+ gxh5 36. Nd6 Rd8 37. Nf5 Bf6 38. h4 Rb8 39. Kg2 Rbb2 40. Ne3 Rd2 41. Be6 Rbc2 42. Bf5+ Kg7 43. Nxc2 Rxc2 44. Rd1 Kf8 45. Rd7 Be7 46. Rb7 Bc5 47. Rb8+ Ke7 48. Rh8 Rxf2+ 49. Kh3 Rf3 50. Rh7+ Kf6 51. Rxh5 Bf2 52. Rg5 Ra3 53. Rg4 Rb3 54. h5 Rb1 55. Kg2 Be3 56. h6 Rb2+ 57. Kh3 Rb1 58. h7 Rh1+ 59. Kg2 Rh6 60. Rg8 Kf7 61. h8Q 1-0

[Event "Wch U14"]
[Site "Al Ain"]
[Date "2013.12.26"]
[Round "9"]
[White "Garcia Herrera, Enrique Ric"]
[Black "Isakzhanov, Aibek"]
[Result "1/2-1/2"]
[WhiteElo "1662"]
[BlackElo "1807"]
[PlyCount "58"]
[EventDate "2013.12.18"]
[EventType "swiss"]
[EventRounds "11"]
[EventCountry "UAE"]
[SourceTitle "CBM 158 Extra"]
[Source "ChessBase"]
[SourceDate "2014.02.28"]
[SourceVersion "1"]
[SourceVersionDate "2014.02.28"]
[SourceQuality "1"]

1. Nf3 d5 2. c4 e6 3. g3 Nf6 4. Bg2 Be7 5. 0-0 0-0 6. d4 c6 7. Qc2 Nbd7 8. b3 Bd6 9. Nc3 dxc4 10. bxc4 e5 11. Rd1 Qe7 12. Bb2 e4 13. Ng5 e3 14. f4 h6 15. Nge4 Nxe4 16. Qxe4 Nf6 17. Qxe7 Bxe7 18. Rd3 Bb4 19. Rxe3 Be6 20. c5 Bc4 21. a3 Bxc3 22. Bxc3 Rfe8 23. Re5 Bxe2 24. Rb1 Ba6 25. Rbe1 Rxe5 26. Rxe5 Re8 27. Rxe8+ Nxe8 28. d5 cxd5 29. Bxd5 Nc7 1/2-1/2

[Event "Wch U20 52nd"]
[Site "Kocaeli"]
[Date "2013.09.21"]
[Round "8"]
[White "Baasansuren, Erdene"]
[Black "Garcia Herrera, Enrique Ric"]
[Result "1-0"]
[WhiteElo "1844"]
[BlackElo "1653"]
[PlyCount "89"]
[EventDate "2013.09.13"]
[EventType "swiss"]
[EventRounds "13"]
[EventCountry "TUR"]
[SourceTitle "CBM 156 Extra"]
[Source "ChessBase"]
[SourceDate "2013.10.22"]
[SourceVersion "1"]
[SourceVersionDate "2013.10.22"]
[SourceQuality "1"]

1. d4 Nf6 2. c4 c5 3. d5 b5 4. cxb5 a6 5. b6 Qxb6 6. Nc3 g6 7. Nf3 Bg7 8. Nd2 d6 9. e4 0-0 10. Nc4 Qc7 11. Be2 Nbd7 12. Bf4 Ne8 13. 0-0 Nb6 14. Ne3 Rb8 15. h3 Nf6 16. Bh2 Nfd7 17. Kh1 Na8 18. Nc4 Re8 19. Qc2 a5 20. a4 Qd8 21. Nb5 Ba6 22. Nca3 Nc7 23. Rab1 Nxb5 24. Nxb5 Qb6 25. f4 Rec8 26. Bc4 Nf6 27. Rbe1 Ne8 28. e5 Bxb5 29. axb5 Nc7 30. exd6 exd6 31. f5 Nxb5 32. fxg6 hxg6 33. Bxb5 Qxb5 34. Bxd6 Rb6 35. Be7 c4 36. Qf2 f5 37. d6 Rb7 38. Qg3 Kf7 39. Qe3 Qd7 40. Qg5 Rxb2 41. Rf3 Rb3 42. Bd8 Qxd6 43. Rxf5+ Kg8 44. Re8+ Kh7 45. Qh4+ 1-0

[Event "Wch U20 52nd"]
[Site "Kocaeli"]
[Date "2013.09.17"]
[Round "5"]
[White "Garcia Herrera, Enrique Ric"]
[Black "Uraz, Abdullah Kerim"]
[Result "1-0"]
[WhiteElo "1653"]
[BlackElo "1602"]
[PlyCount "59"]
[EventDate "2013.09.13"]
[EventType "swiss"]
[EventRounds "13"]
[EventCountry "TUR"]
[SourceTitle "CBM 156 Extra"]
[Source "ChessBase"]
[SourceDate "2013.10.22"]
[SourceVersion "1"]
[SourceVersionDate "2013.10.22"]
[SourceQuality "1"]

1. Nf3 Nf6 2. c4 c6 3. Nc3 g6 4. g3 Bg7 5. Bg2 d5 6. cxd5 cxd5 7. d4 Ne4 8. 0-0 Nxc3 9. bxc3 0-0 10. Qb3 Nc6 11. Bf4 e6 12. Rab1 b6 13. e4 Ba6 14. Rfd1 Bc4 15. Qc2 f6 16. Nd2 Na5 17. Nxc4 Nxc4 18. exd5 exd5 19. Qa4 a6 20. Qc6 Kh8 21. Qxd5 Rc8 22. Rb4 b5 23. a4 Qxd5 24. Bxd5 Na3 25. Rb3 b4 26. cxb4 Nc2 27. Bb7 Rcd8 28. Rbd3 f5 29. Kg2 Rfe8 30. Be3 1-0

[Event "Wch U20 52nd"]
[Site "Kocaeli"]
[Date "2013.09.13"]
[Round "1"]
[White "Antal, Tibor Kende"]
[Black "Garcia Herrera, Enrique Ric"]
[Result "1-0"]
[WhiteElo "2321"]
[BlackElo "1653"]
[PlyCount "75"]
[EventDate "2013.09.13"]
[EventType "swiss"]
[EventRounds "13"]
[EventCountry "TUR"]
[SourceTitle "CBM 156 Extra"]
[Source "ChessBase"]
[SourceDate "2013.10.22"]
[SourceVersion "1"]
[SourceVersionDate "2013.10.22"]
[SourceQuality "1"]

1. e4 c5 2. Nf3 e6 3. d4 cxd4 4. Nxd4 a6 5. Bd3 Nf6 6. 0-0 d6 7. c4 g6 8. Qe2 Bg7 9. Nc3 0-0 10. Rd1 Qc7 11. Nf3 Nc6 12. Bf4 Ne5 13. Nxe5 dxe5 14. Be3 b6 15. Rac1 Bb7 16. f3 Nd7 17. c5 bxc5 18. Na4 Rfc8 19. Nxc5 Nxc5 20. Rxc5 Qd6 21. Bc4 Qe7 22. Rxc8+ Bxc8 23. Qd2 Bf8 24. Qa5 Bb7 25. Qxe5 Bg7 26. Qd6 Qxd6 27. Rxd6 Rc8 28. b3 Be5 29. Rb6 Rc7 30. g3 a5 31. Rb5 Bc3 32. Bb6 Rd7 33. Bxa5 Bxa5 34. Rxa5 Rd1+ 35. Kf2 Rd2+ 36. Ke3 Rxh2 37. Ra7 Bc6 38. Rc7 1-0

[Event "Capablanca Memorial op-B 48th"]
[Site "Havana"]
[Date "2013.04.29"]
[Round "8"]
[White "Sun Chin, Robert Patrick"]
[Black "Garcia Herrera, Enrique Ric"]
[Result "0-1"]
[WhiteElo "1891"]
[BlackElo "1556"]
[PlyCount "114"]
[EventDate "2013.04.21"]
[EventType "swiss"]
[EventRounds "9"]
[EventCountry "CUB"]
[SourceTitle "CBM 154 Extra"]
[Source "ChessBase"]
[SourceDate "2013.06.25"]
[SourceVersion "2"]
[SourceVersionDate "2013.06.25"]
[SourceQuality "1"]

1. e4 e5 2. Nf3 Nc6 3. Bc4 Bc5 4. d3 Nf6 5. 0-0 h6 6. c3 Bb6 7. Nbd2 d6 8. Re1 Qe7 9. Nf1 Rg8 10. Be3 g5 11. Bxb6 axb6 12. Bb3 Nh7 13. Bc2 Nf8 14. Ne3 Ng6 15. Nd5 Qd8 16. b4 Nf4 17. Nd2 Be6 18. Ne3 Qf6 19. Nb3 Ne7 20. d4 Neg6 21. d5 Bd7 22. c4 g4 23. Rf1 h5 24. g3 Nh3+ 25. Kg2 Ng5 26. Nd2 Nf3 27. a4 Nd4 28. a5 bxa5 29. bxa5 Ke7 30. Bd3 Nf3 31. Nb3 Ng5 32. Nd2 Nf3 33. Nb3 Nf4+ 34. Kh1 Nh3 35. Qe2 Rh8 36. Ra2 Nf4 37. Qd1 Nxd3 38. Qxd3 Qg5 39. c5 Rhf8 40. cxd6+ cxd6 41. Nf5+ Bxf5 42. exf5 Kf6 43. Rc1 Qxf5 44. Qe3 Rfc8 45. Raa1 Ng5 46. Kg1 Qf3 47. Qxf3+ Nxf3+ 48. Kg2 e4 49. h3 Ke5 50. Rd1 Rc3 51. Rab1 f5 52. Nd2 Rxa5 53. Nxf3+ Rxf3 54. Rxb7 Ra2 55. hxg4 Rfxf2+ 56. Kg1 hxg4 57. Rb3 Rad2 0-1

[Event "Capablanca Memorial op-B 48th"]
[Site "Havana"]
[Date "2013.04.23"]
[Round "3"]
[White "Garcia Herrera, Enrique Ric"]
[Black "Roca Rojas, Ana Flavia"]
[Result "1-0"]
[WhiteElo "1556"]
[BlackElo "2092"]
[PlyCount "63"]
[EventDate "2013.04.21"]
[EventType "swiss"]
[EventRounds "9"]
[EventCountry "CUB"]
[SourceTitle "CBM 154 Extra"]
[Source "ChessBase"]
[SourceDate "2013.06.25"]
[SourceVersion "2"]
[SourceVersionDate "2013.06.25"]
[SourceQuality "1"]

1. Nf3 Nf6 2. c4 g6 3. g3 Bg7 4. Bg2 0-0 5. 0-0 d5 6. d4 Nc6 7. cxd5 Nxd5 8. Nc3 Nb6 9. Be3 Nc4 10. Qb3 Nxe3 11. fxe3 e6 12. Rad1 Qe7 13. Kh1 Qb4 14. Qxb4 Nxb4 15. a3 Nd5 16. Rd3 Bh6 17. Nxd5 exd5 18. Nh4 c6 19. e4 dxe4 20. Bxe4 Re8 21. Bf3 g5 22. Bh5 gxh4 23. Bxf7+ Kg7 24. Bxe8 Bg4 25. gxh4 Bxe2 26. Rg3+ Kh8 27. Rf6 Rxe8 28. Rxh6 Bc4 29. Rf6 Rg8 30. Rd6 Bd5+ 31. Kg1 Rf8 32. Rd7 1-0

[Event "Capablanca Memorial op-B 48th"]
[Site "Havana"]
[Date "2013.04.21"]
[Round "1"]
[White "Garcia Herrera, Enrique Ric"]
[Black "Suarez Cabo, Ariel"]
[Result "0-1"]
[WhiteElo "1556"]
[BlackElo "2137"]
[PlyCount "110"]
[EventDate "2013.04.21"]
[EventType "swiss"]
[EventRounds "9"]
[EventCountry "CUB"]
[SourceTitle "CBM 154 Extra"]
[Source "ChessBase"]
[SourceDate "2013.06.25"]
[SourceVersion "2"]
[SourceVersionDate "2013.06.25"]
[SourceQuality "1"]

1. Nf3 Nf6 2. c4 c5 3. g3 e6 4. Bg2 Be7 5. 0-0 0-0 6. Nc3 Nc6 7. d3 d5 8. h3 d4 9. Nb1 e5 10. Nbd2 Bd7 11. a3 Ne8 12. Rb1 a5 13. Qc2 f5 14. Ne1 Nf6 15. Qb3 a4 16. Qc2 Qe8 17. b3 Qh5 18. bxa4 Nd8 19. Nef3 Bxa4 20. Nb3 e4 21. Ne1 Bc6 22. Nd2 Qg6 23. Nb3 Bd6 24. e3 Ne6 25. exd4 cxd4 26. c5 Bc7 27. Nxd4 Nxd4 28. Qc4+ Kh8 29. Qxd4 Rad8 30. Qc3 f4 31. dxe4 Nxe4 32. Qc2 fxg3 33. f3 Nxc5 34. Qxg6 hxg6 35. f4 Ne4 36. Be3 Nc3 37. Rb3 Ne2+ 38. Kh1 Nxf4 39. Bxf4 Rxf4 40. Rxf4 Bxf4 41. Bxc6 bxc6 42. Kg2 Rd1 43. Nf3 c5 44. h4 c4 45. Rc3 Rc1 46. Rxc1 Bxc1 47. Kxg3 Bxa3 48. Nd4 c3 49. Kg4 Bc5 50. Nc2 Kg8 51. Kg5 Kf7 52. h5 gxh5 53. Kxh5 Kf6 54. Kg4 Ke5 55. Kf3 g5 0-1